| 000 | 00369nam a2200145Ia 4500 | ||
|---|---|---|---|
| 008 | 230312s9999||||xx |||||||||||||| ||und|| | ||
| 082 |
_a616.7 _bGRE-P |
||
| 100 | _aJabbar Saya , Pervez Ali Jafri | ||
| 245 | 0 | _aPharma Guide | |
| 260 |
_bM. QUAISAR NEESHAT _aKarachi _c1999 |
||
| 300 | _a648 | ||
| 546 | _aEng. | ||
| 650 |
_aPharmacy _vPharmaGuide |
||
| 942 | _cBK | ||
| 999 |
_c1891 _d1891 |
||